000 00324nam a2200133 4500
999 _c11533
_d11533
003 OSt
005 20230529144101.0
008 230529b ||||| |||| 00| 0 eng d
020 _a9783822894552
100 _aDirk Meyhofer
245 _aContemporary European architects vol-11
260 _bTASCHEN /New York
942 _2ddc